[Event "EYCC 2017"]
[Site "Mamaia"]
[Date "2017.09.12"]
[Round "7"]
[White "Makkar, Rajat"]
[Black "Kolesov, Gordey"]
[Result "0-1"]
[WhiteElo "1880"]
[BlackElo "1672"]
[Annotator "NA RC"]
[PlyCount "72"]
[EventDate "2017.??.??"]
[EventType "swiss"]
[EventCountry "ROU"]
[SourceTitle "playchess.com"]
[Source "ChessBase"]
[SourceQuality "1"]
[TimeControl "40/5400+30:1800+30"]

1. Nf3 {[%emt 0:00:00]} Nf6 {[%emt 0:00:10]} 2. c4 {[%emt 0:00:12]} g6 {[%emt 0:00:10]} 3. Nc3 {[%emt 0:07:00]} Bg7 {[%emt 0:00:36]} 4. d4 {[%emt 0:00:28]} O-O {[%emt 0:01:01]} 5. e3 {[%emt 0:05:40]} d6 {[%emt 0:03:52]} 6. Bd3 {[%emt 0:03:21]} Re8 {[%emt 0:05:57]} 7. O-O {[%emt 0:03:25] E61: King's Indian: Early deviations for White, including Smyslov System} e5 {[%emt 0:01:24]} 8. Qc2 {[%emt 0:03:28]} Nc6 {[%emt 0:00:54]} 9. a3 {[%emt 0:01:20]} exd4 $146 {[%emt 0:05:18]} ({Predecessor:} 9... Bg4 10. dxe5 dxe5 11. Nd2 a5 12. h3 Be6 13. Nce4 Nxe4 14. Nxe4 Qe7 {0-1 (25) Shyam,S (1980)-Kurnosov,I (2658) Bhubaneswar 2009}) 10. Nxd4 {[%emt 0:02:16]} Nxd4 {[%emt 0:00:43]} 11. exd4 {[%emt 0:00:03]} Ng4 {[%emt 0:08:12]} 12. h3 {[%emt 0:06:08]} Nh6 {[%emt 0:01:18]} 13. Bxh6 {[%emt 0:06:46]} Bxh6 {[%emt 0:00:11]} 14. Rfe1 {[%emt 0:00:18]} Bd7 {[%emt 0:02:34]} 15. Nd5 {[%emt 0:03:04]} Bg7 {[%emt 0:02:31]} 16. Rxe8+ {[%emt 0:01:26]} Bxe8 {[%emt 0:00:09]} 17. Re1 {[%emt 0:00:25]} Bxd4 {[%emt 0:01:54]} 18. Qd2 {[%emt 0:02:28]} c5 {[%emt 0:14:23]} 19. Qh6 {[%emt 0:11:01]} Bg7 {[%emt 0:06:13]} 20. Qd2 {[%emt 0:02:48]} Ba4 {[%emt 0:03:06]} 21. Bc2 {[%emt 0:02:02]} Bxc2 {[%emt 0:03:40]} 22. Qxc2 {[%emt 0:00:01]} Qh4 {[%emt 0:00:48]} 23. Re4 {[%emt 0:01:13]} Qg5 {[%emt 0:05:25]} 24. Re7 {[%emt 0:05:37]} Bd4 {[%emt 0:05:06]} 25. b3 {[%emt 0:03:30]} Rf8 {[%emt 0:04:40]} 26. a4 {[%emt 0:03:32]} Kh8 {[%emt 0:03:49]} 27. Qe2 {[%emt 0:05:49]} Qh4 {[%emt 0:01:14]} 28. Rxb7 {[%emt 0:01:39]} f5 {[%emt 0:02:29]} 29. Re7 {[%emt 0:01:07]} f4 {[%emt 0:00:51]} 30. Qf3 {[%emt 0:01:04]} h5 {[%emt 0:01:39]} 31. Re6 {[%emt 0:04:31]} Kg7 $18 {[%emt 0:05:18] [#]} (31... Qg3 $16) 32. Ne7 {[%emt 0:06:14]} ({Don't take} 32. Rxd6 $6 Rf7 $16) ({Better is} 32. Nc7 $1 $18) 32... Rf6 {[%emt 0:03:20]} 33. Rxf6 {[%emt 0:00:30]} Qxf6 {[%emt 0:02:48]} 34. Nd5 {[%emt 0:00:46]} Qf5 {[%emt 0:01:12]} 35. Nxf4 {[%emt 0:00:36]} Be5 {[%emt 0:00:23]} 36. Nd5 {[%emt 0:01:41]} Qb1+ {[%emt 0:00:14]} 0-1

[Event "EYCC 2017"]
[Site "Mamaia"]
[Date "2017.09.12"]
[Round "7"]
[White "Luczak, Filip"]
[Black "Popov, Konstantin"]
[Result "1-0"]
[WhiteElo "1866"]
[BlackElo "2141"]
[Annotator "TA"]
[PlyCount "85"]
[EventDate "2017.??.??"]
[EventType "swiss"]
[EventCountry "ROU"]
[SourceTitle "playchess.com"]
[Source "ChessBase"]
[SourceQuality "1"]

{[%evp 9,84,-10,-3,-35,-32,-47,-30,-49,-17,-37,0,0,19,16,26,21,32,27,27,35,24,20,33,41,45,45,81,25,108,104,135,45,42,23,29,32,43,27,28,15,44,43,99,98,92,67,84,65,84,80,77,66,100,54,103,95,89,91,908,931,1018,396,562,379,435,318,328,329,526,517,638,539,29997,29998,29998,29999,29999]} 1. d4 d5 2. Nc3 Nf6 3. Bf4 e6 4. e3 Be7 (4... Bb4 5. Nge2 O-O 6. a3 Bd6 7. Ng3 c5 8. dxc5 Bxc5 9. Bd3 Nc6 10. O-O Bd6 11. Bg5 h6 12. Bxf6 Qxf6 {0-1 (74) Navara,D (2734)-Wojtaszek,R (2734) Berlin 2015}) 5. Bd3 O-O {LiveBook: 4 Games} 6. h4 $146 {D00: 1 d4 d5: Unusual lines} ({Predecessor:} 6. Nf3 c5 7. dxc5 Nc6 8. O-O Nd7 9. e4 d4 10. Na4 e5 11. Bg3 f6 12. c3 Nxc5 13. Nxc5 Bxc5 {½-½ (32) Wei,Y (2629)-Zhao,J (2610) China 2014}) 6... c5 7. Nf3 Nc6 8. Ne5 {Black has an edge.} cxd4 9. exd4 Qb6 10. Nxc6 bxc6 11. Na4 Qa5+ 12. c3 c5 13. Nxc5 Bxc5 14. dxc5 Qxc5 15. O-O a5 16. Re1 Bb7 17. Re3 Qe7 18. Rg3 (18. Be5 $16) 18... e5 (18... Kh8 $11) 19. Bh6 $1 $16 {[%cal Rh6g7]} g6 20. h5 (20. Bxf8 $16 Rxf8 21. h5) 20... Rfe8 21. Bg5 Qe6 22. hxg6 fxg6 23. Qb3 {[#] And now Bxf6 would win.} Bc6 24. Re1 Kg7 25. Qc2 $36 {[%mdl 2048] White is more active.} e4 (25... Nh5 $14) 26. Be2 Nd7 27. Bg4 Qd6 28. Bxd7 Qxd7 29. Qd2 Kg8 30. Bf6 Rf8 31. Qg5 Qe6 32. Bd4 Rf7 33. Qh6 Qf5 $2 {[%mdl 8192]} (33... Rb7 $16 34. Rg5 a4) 34. Rg5 $18 Qe6 {[#]} 35. Re3 $2 (35. f4 $1 {[%mdl 512]}) 35... Be8 (35... Rb7 $142 36. Reg3 Be8) 36. Reg3 {[%cal Rg5g6] Rxg6+! would kill now.} Re7 37. a3 Rc8 38. Re5 Qf7 (38... Qxe5 {keeps fighting.} 39. Bxe5 Rxe5) 39. Qg5 Rxe5 40. Qxe5 {[%csl Gd4][%cal Re5h8]} ({Not} 40. Bxe5 Bd7 $16) 40... Qd7 41. Qh8+ {White mates.} Kf7 42. Qg7+ Ke6 43. Qf6# {Precision: White = 54%, Black = 23%.} 1-0

[Event "EYCC 2017"]
[Site "Mamaia"]
[Date "2017.09.12"]
[Round "7"]
[White "Esadze, Tamari"]
[Black "Hercog, Nusa"]
[Result "1-0"]
[WhiteElo "1863"]
[BlackElo "2034"]
[Annotator "NA RC"]
[PlyCount "69"]
[EventDate "2017.??.??"]
[EventType "swiss"]
[EventCountry "ROU"]
[SourceTitle "playchess.com"]
[Source "ChessBase"]
[SourceQuality "1"]
[TimeControl "40/5400+30:1800+30"]

1. e4 {[%emt 0:00:00]} c5 {[%emt 0:00:04]} 2. Nf3 {[%emt 0:00:05]} e6 {[%emt 0:00:06]} 3. d4 {[%emt 0:00:07]} cxd4 {[%emt 0:00:06]} 4. Nxd4 {[%emt 0:00:04]} Nc6 {[%emt 0:00:06]} 5. c4 {[%emt 0:00:15]} Qc7 {[%emt 0:01:29]} 6. Nc3 {[%emt 0:00:57]} a6 {[%emt 0:01:16]} 7. Be2 {[%emt 0:02:10]} Nf6 {[%emt 0:01:53]} 8. a3 {[%emt 0:04:38] B41: Sicilian: Kan Variation: 5 c4} (8. O-O Nxd4 9. Qxd4 Bd6 10. g3 O-O 11. Be3 Be5 12. Qd3 Bxc3 13. bxc3 b5 14. c5 Bb7 15. f3 Bc6 16. Qd6 {½-½ (56) Goganov,A (2603)-Svidler,P (2739) St Petersburg 2015}) 8... h6 {[%emt 0:07:44]} 9. Be3 {[%emt 0:01:23]} Be7 {[%emt 0:06:25]} 10. O-O $146 {[%emt 0:01:19]} ({Predecessor:} 10. Rc1 Nxd4 11. Qxd4 Bd6 12. c5 Be5 13. Qd2 O-O 14. Bf3 Rd8 15. Na4 d5 16. cxd6 Qxd6 17. Qxd6 Bxd6 {½-½ (46) Bomans,A (2249)-Draftian,A (2274) Gent 2016}) 10... O-O {[%emt 0:02:44]} 11. f4 {[%emt 0:02:06]} d6 {[%emt 0:04:19]} 12. Rc1 {[%emt 0:01:08]} Bd7 {[%emt 0:04:38]} 13. b4 {[%emt 0:01:31]} Nxd4 {[%emt 0:02:45]} 14. Bxd4 {[%emt 0:03:18]} Rfd8 {[%emt 0:06:56]} 15. Qd3 {[%emt 0:13:55]} Ne8 {[%emt 0:15:07]} 16. Qg3 {[%emt 0:11:26]} b6 $2 {[%emt 0:08:51]} ({Black should try} 16... Bf6 $1 $14 17. e5 dxe5 18. Bxe5 (18. fxe5 Bc6 $11) 18... Bxe5 19. fxe5 Bc6) 17. f5 {[%emt 0:06:46]} Bg5 {[%emt 0:05:19]} 18. Rcd1 {[%emt 0:02:17]} Kh7 {[%emt 0:04:58]} 19. Bh5 $18 {[%emt 0:15:34]} Bc8 {[%emt 0:05:49]} 20. fxe6 {[%emt 0:05:52]} Bxe6 {[%emt 0:00:41]} 21. Nd5 {[%emt 0:02:55]} Bxd5 {[%emt 0:00:56]} 22. exd5 {[%emt 0:01:13]} Bf6 {[%emt 0:02:34]} 23. Qd3+ {[%emt 0:02:50]} Kg8 {[%emt 0:00:36]} 24. Qe3 {[%emt 0:07:44]} Rab8 {[%emt 0:02:59]} 25. Qg3 {[%emt 0:06:07]} Kh7 {[%emt 0:02:19]} 26. Qf4 {[%emt 0:02:15]} Bxd4+ {[%emt 0:01:57]} 27. Rxd4 {[%emt 0:00:05]} Nf6 {[%emt 0:00:38]} 28. Bd1 {[%emt 0:02:10]} Re8 {[%emt 0:01:06]} 29. Bc2+ {[%emt 0:00:03]} Kg8 {[%emt 0:01:54]} 30. Qh4 {[%emt 0:00:23]} Re2 {[%emt 0:02:14]} 31. Bd3 {[%emt 0:01:03]} Re5 {[%emt 0:00:06]} 32. Rxf6 {[%emt 0:02:14]} gxf6 {[%emt 0:00:44]} 33. Qxh6 {[%emt 0:00:08]} Qe7 {[%emt 0:02:58]} 34. Bh7+ {[%emt 0:00:04]} Kh8 {[%emt 0:00:03]} 35. Bg6+ {[%emt 0:00:05]} 1-0

[Event "EYCC 2017"]
[Site "Mamaia"]
[Date "2017.09.12"]
[Round "7"]
[White "Samadov, Read"]
[Black "Strybuk, Artsiom I"]
[Result "1/2-1/2"]
[WhiteElo "1848"]
[BlackElo "1790"]
[Annotator "NA"]
[PlyCount "107"]
[EventDate "2017.??.??"]
[EventType "swiss"]
[EventCountry "ROU"]
[SourceTitle "playchess.com"]
[Source "ChessBase"]
[SourceQuality "1"]
[TimeControl "40/5400+30:1800+30"]

1. e4 {[%emt 0:00:00]} c5 {[%emt 0:00:07]} 2. Nf3 {[%emt 0:00:00]} Nc6 {[%emt 0:00:14]} 3. d4 {[%emt 0:00:00]} cxd4 {[%emt 0:00:07]} 4. Nxd4 {[%emt 0:00:00]} g6 {[%emt 0:00:07]} 5. c4 {[%emt 0:01:02]} Bg7 {[%emt 0:00:58]} 6. Be3 {[%emt 0:01:11]} d6 {[%emt 0:00:52]} 7. Nc3 {[%emt 0:00:44]} Nf6 {[%emt 0:00:31]} 8. Be2 {[%emt 0:00:47]} O-O {[%emt 0:00:19]} 9. O-O {[%emt 0:00:16]} Bd7 {[%emt 0:00:05]} 10. f4 {[%emt 0:05:36]} Rc8 {[%emt 0:10:46]} 11. Qd2 {[%emt 0:05:56]} Nxd4 {[%emt 0:02:13]} 12. Bxd4 {[%emt 0:00:47]} Bc6 {[%emt 0:01:41]} 13. Bf3 {[%emt 0:04:15]} Nd7 {[%emt 0:02:18]} 14. Bxg7 {[%emt 0:03:40]} Kxg7 {[%emt 0:00:02]} 15. Rac1 {[%emt 0:05:46]} Qb6+ {[%emt 0:03:20]} 16. Kh1 {[%emt 0:00:55]} a5 {[%emt 0:02:03]} 17. b3 {[%emt 0:12:00]} Nc5 {[%emt 0:07:49]} 18. Nd5 {[%emt 0:09:00]} Bxd5 {[%emt 0:00:59]} 19. exd5 {[%emt 0:00:23]} Qb4 {[%emt 0:01:23]} 20. Qd4+ {[%emt 0:08:16]} f6 {[%emt 0:01:27]} 21. Rce1 {[%emt 0:06:24]} Rc7 {[%emt 0:02:04]} 22. f5 {[%emt 0:02:46]} a4 {[%emt 0:03:52]} 23. fxg6 {[%emt 0:03:20]} hxg6 {[%emt 0:00:03]} 24. Bd1 {[%emt 0:01:12]} axb3 {[%emt 0:05:21]} 25. axb3 {[%emt 0:00:21]} b5 {[%emt 0:04:06]} 26. Bc2 {[%emt 0:04:01]} bxc4 {[%emt 0:12:23]} 27. Bxg6 {[%emt 0:01:37]} Kxg6 {[%emt 0:15:52]} 28. Qg4+ {[%emt 0:00:21]} Kf7 {[%emt 0:00:08]} 29. Qh5+ {[%emt 0:00:07]} Kg7 {[%emt 0:00:07]} 30. Re3 {[%emt 0:01:45]} Qxb3 {[%emt 0:02:28]} 31. Rxb3 {[%emt 0:01:23]} cxb3 {[%emt 0:00:16]} 32. Rf4 {[%emt 0:00:34]} Ne4 {[%emt 0:00:55]} 33. Rg4+ {[%emt 0:01:46]} Ng5 {[%emt 0:02:23]} 34. Rxg5+ {[%emt 0:01:05]} fxg5 {[%emt 0:00:03]} 35. Qxg5+ {[%emt 0:00:07]} Kf7 {[%emt 0:01:34]} 36. Qh5+ {[%emt 0:00:27]} Kf6 {[%emt 0:02:02]} 37. Qh6+ {[%emt 0:00:51]} Ke5 {[%emt 0:01:03]} 38. Qe3+ {[%emt 0:00:26]} Kxd5 {[%emt 0:04:23]} 39. Qxb3+ {[%emt 0:00:13]} Rc4 {[%emt 0:01:26]} 40. Qd3+ {[%emt 0:00:00]} Kc5 {[%emt 0:01:38]} 41. Qa3+ {[%emt 0:08:18]} Kc6 {[%emt 0:02:05]} 42. Qa6+ {[%emt 0:01:58]} Kd5 {[%emt 0:01:08]} 43. Qb5+ {[%emt 0:01:27]} Rc5 {[%emt 0:00:41]} 44. Qd3+ {[%emt 0:00:52]} Ke6 {[%emt 0:01:29]} 45. Qb3+ {[%emt 0:04:04]} Ke5 {[%emt 0:14:00]} 46. Qe3+ {[%emt 0:01:36]} Kd5 {[%emt 0:00:23]} 47. Qb3+ {[%emt 0:00:23]} Kc6 {[%emt 0:00:20]} 48. Qa4+ {[%emt 0:03:19]} Kb6 {[%emt 0:00:42]} 49. Qb3+ {[%emt 0:01:15]} Kc7 {[%emt 0:00:31]} 50. h3 {[%emt 0:03:21]} Rf1+ {[%emt 0:00:48]} 51. Kh2 {[%emt 0:00:13]} Rf2 {[%emt 0:00:13]} 52. Qe3 {[%emt 0:01:38]} Rcc2 {[%emt 0:03:10]} 53. Qxe7+ {[%emt 0:00:20]} Kc6 54. Qg5 1/2-1/2

[Event "EYCC 2017"]
[Site "Mamaia"]
[Date "2017.09.12"]
[Round "7"]
[White "Vidruk, Mariia"]
[Black "Vanduyfhuys, Daria"]
[Result "1-0"]
[WhiteElo "1848"]
[BlackElo "1775"]
[Annotator "NA RC"]
[PlyCount "65"]
[EventDate "2017.??.??"]
[EventType "swiss"]
[EventCountry "ROU"]
[SourceTitle "playchess.com"]
[Source "ChessBase"]
[SourceQuality "1"]
[TimeControl "40/5400+30:1800+30"]

1. b3 {[%emt 0:00:00]} Nf6 {[%emt 0:01:00]} 2. Bb2 {[%emt 0:00:00]} d5 {[%emt 0:01:04]} 3. e3 {[%emt 0:00:00]} c5 {[%emt 0:00:26]} 4. d4 {[%emt 0:00:06]} Nc6 {[%emt 0:00:30]} 5. Nf3 {[%emt 0:01:13]} Bf5 {[%emt 0:01:43]} 6. Bd3 {[%emt 0:02:24]} Bg6 {[%emt 0:03:56]} 7. O-O {[%emt 0:03:15]} e6 {[%emt 0:00:23]} 8. Nc3 {[%emt 0:04:12]} cxd4 {[%emt 0:01:58]} 9. exd4 {[%emt 0:01:46]} Bd6 {[%emt 0:01:10]} 10. Re1 {[%emt 0:00:36]} O-O {[%emt 0:00:24]} 11. Ne5 {[%emt 0:00:37]} Bh5 {[%emt 0:02:34]} 12. Nxc6 {[%emt 0:05:04]} Bxh2+ {[%emt 0:03:08]} 13. Kh1 bxc6 {[%emt 0:00:23]} 14. Qd2 {[%emt 0:05:01]} Ng4 {[%emt 0:04:59]} 15. g3 {[%emt 0:05:35]} Qf6 {[%emt 0:00:44]} 16. Kg2 {[%emt 0:02:57]} e5 {[%emt 0:27:02]} 17. dxe5 {[%emt 0:02:34]} Nxe5 {[%emt 0:00:12]} 18. Rxe5 {[%emt 0:01:08]} Qxe5 {[%emt 0:02:06]} 19. f4 {[%emt 0:04:56]} Qf6 {[%emt 0:02:42]} 20. Kxh2 {[%emt 0:01:38]} Qh6 {[%emt 0:01:25]} 21. Kg1 {[%emt 0:02:24]} Rfe8 {[%emt 0:03:07]} 22. Qh2 {[%emt 0:04:01]} Re3 {[%emt 0:01:08]} 23. Kf2 {[%emt 0:03:13]} Rae8 {[%emt 0:00:27]} 24. Rh1 {[%emt 0:01:00]} Bg6 {[%emt 0:06:46]} 25. Qxh6 {[%emt 0:00:44]} gxh6 {[%emt 0:00:04]} 26. f5 {[%emt 0:01:01]} d4 {[%emt 0:02:04]} 27. fxg6 {[%emt 0:01:22]} fxg6 {[%emt 0:00:56]} 28. Ne4 {[%emt 0:00:32]} R3xe4 {[%emt 0:00:57]} 29. Bxe4 {[%emt 0:00:15]} Rxe4 {[%emt 0:00:02]} 30. Re1 {[%emt 0:01:50]} Rxe1 {[%emt 0:00:05]} 31. Kxe1 {[%emt 0:00:03]} Kf7 {[%emt 0:00:09]} 32. Bxd4 {[%emt 0:00:07]} a6 {[%emt 0:00:05]} 33. g4 {[%emt 0:00:39]} 1-0

[Event "EYCC 2017"]
[Site "Mamaia"]
[Date "2017.09.12"]
[Round "7"]
[White "Pawicka, Magdalena"]
[Black "Shubenkova, Veronika"]
[Result "1/2-1/2"]
[WhiteElo "1826"]
[BlackElo "1505"]
[Annotator "NA"]
[PlyCount "103"]
[EventDate "2017.??.??"]
[EventType "swiss"]
[EventCountry "ROU"]
[SourceTitle "playchess.com"]
[Source "ChessBase"]
[SourceQuality "1"]
[TimeControl "40/5400+30:1800+30"]

1. e4 {[%emt 0:00:00]} b6 {[%emt 0:00:47]} 2. d4 {[%emt 0:00:07]} Bb7 {[%emt 0:01:17]} 3. Bd3 {[%emt 0:00:17]} Nf6 {[%emt 0:03:54]} 4. Qe2 {[%emt 0:00:53]} e6 {[%emt 0:01:51]} 5. Nf3 {[%emt 0:00:54]} Be7 {[%emt 0:09:52]} 6. O-O {[%emt 0:04:46]} d5 {[%emt 0:01:13]} 7. e5 {[%emt 0:01:33]} Nfd7 {[%emt 0:00:05]} 8. Bf4 {[%emt 0:07:16]} c5 {[%emt 0:03:53]} 9. c4 {[%emt 0:06:30]} O-O {[%emt 0:10:21]} 10. Nc3 {[%emt 0:05:24]} cxd4 {[%emt 0:03:19]} 11. Nxd4 {[%emt 0:00:22]} Nc5 {[%emt 0:00:39]} 12. Bc2 {[%emt 0:04:22]} a6 {[%emt 0:05:54]} 13. cxd5 {[%emt 0:06:10]} exd5 {[%emt 0:02:40]} 14. Qg4 {[%emt 0:05:09]} Bc8 {[%emt 0:06:13]} 15. Bf5 {[%emt 0:03:26]} Bxf5 {[%emt 0:14:16]} 16. Nxf5 {[%emt 0:00:17]} Ne6 {[%emt 0:01:31]} 17. Nxe7+ {[%emt 0:06:58]} Qxe7 {[%emt 0:00:17]} 18. Nxd5 {[%emt 0:00:12]} Qb7 {[%emt 0:01:12]} 19. Rfd1 {[%emt 0:04:56]} Nc6 {[%emt 0:00:53]} 20. Rac1 {[%emt 0:02:13]} Ncd4 {[%emt 0:00:37]} 21. Nc3 {[%emt 0:03:58]} b5 {[%emt 0:01:06]} 22. Be3 {[%emt 0:02:21]} Nc6 {[%emt 0:00:09]} 23. Qg3 {[%emt 0:01:06]} Rae8 {[%emt 0:06:12]} 24. f4 {[%emt 0:03:28]} Kh8 {[%emt 0:01:11]} 25. Ne4 {[%emt 0:04:22]} Ncd4 {[%emt 0:03:00]} 26. Nc3 {[%emt 0:02:36]} Nf5 {[%emt 0:01:19]} 27. Qh3 {[%emt 0:02:37]} Nxe3 {[%emt 0:02:05]} 28. Qxe3 {[%emt 0:00:07]} Nc7 {[%emt 0:00:43]} 29. Ne4 {[%emt 0:03:29]} Nd5 {[%emt 0:00:07]} 30. Qf3 {[%emt 0:03:12]} Qa7+ {[%emt 0:00:55]} 31. Kh1 {[%emt 0:01:29]} Ne3 {[%emt 0:01:17]} 32. Rd3 {[%emt 0:01:46]} Rc8 {[%emt 0:02:37]} 33. Rdc3 {[%emt 0:02:40]} Rxc3 {[%emt 0:00:30]} 34. Nxc3 {[%emt 0:01:19]} Nf5 {[%emt 0:01:13]} 35. Qd3 {[%emt 0:02:13]} Ne3 {[%emt 0:01:52]} 36. Qe2 {[%emt 0:00:55]} Nf5 {[%emt 0:00:07]} 37. Ne4 {[%emt 0:01:21]} h6 {[%emt 0:03:49]} 38. Qf2 {[%emt 0:01:51]} Qd7 {[%emt 0:01:20]} 39. Qd2 {[%emt 0:02:01]} Qe6 {[%emt 0:02:06]} 40. b3 {[%emt 0:00:00]} Qb6 {[%emt 0:01:46]} 41. Qc3 {[%emt 0:03:16]} Qg6 {[%emt 0:00:40]} 42. Ng3 {[%emt 0:02:33]} Nxg3+ {[%emt 0:01:23]} 43. Qxg3 {[%emt 0:00:23]} Qe4 {[%emt 0:00:05]} 44. Qf3 {[%emt 0:00:59]} Qd4 {[%emt 0:00:09]} 45. Rf1 {[%emt 0:02:49]} Qb2 {[%emt 0:00:12]} 46. Qf2 {[%emt 0:00:20]} Qc3 {[%emt 0:00:33]} 47. Rd1 {[%emt 0:02:36]} Rc8 {[%emt 0:00:47]} 48. h3 {[%emt 0:00:21]} Qc2 {[%emt 0:06:27]} 49. Qxc2 {[%emt 0:00:46]} Rxc2 {[%emt 0:00:05]} 50. Ra1 {[%emt 0:01:35]} Kh7 {[%emt 0:01:59]} 51. Kg1 {[%emt 0:09:54]} Kg6 {[%emt 0:01:07]} 52. a3 {[%emt 0:05:45]} 1/2-1/2

[Event "EYCC 2017"]
[Site "Mamaia"]
[Date "2017.09.12"]
[Round "7"]
[White "Hajiyeva, Laman"]
[Black "Garifullina, Leya"]
[Result "1-0"]
[WhiteElo "1818"]
[BlackElo "1970"]
[Annotator "NA RC"]
[PlyCount "56"]
[EventDate "2017.??.??"]
[EventType "swiss"]
[EventCountry "ROU"]
[SourceTitle "playchess.com"]
[Source "ChessBase"]
[SourceQuality "1"]
[TimeControl "40/5400+30:1800+30"]

1. d4 {[%emt 0:00:00]} d5 {[%emt 0:02:29]} 2. Nf3 {[%emt 0:00:00]} Nf6 {[%emt 0:00:48]} 3. e3 {[%emt 0:00:00]} e6 {[%emt 0:04:33]} 4. Bd3 {[%emt 0:00:15]} c5 {[%emt 0:00:52]} 5. c3 {[%emt 0:00:05]} Nc6 {[%emt 0:01:50]} 6. Nbd2 {[%emt 0:00:12]} Be7 {[%emt 0:06:49]} 7. dxc5 {[%emt 0:00:16]} Bxc5 {[%emt 0:01:33]} 8. b4 {[%emt 0:00:12]} Bd6 {[%emt 0:00:46]} 9. Bb2 {[%emt 0:00:16]} O-O {[%emt 0:02:09]} 10. O-O {[%emt 0:00:07]} e5 {[%emt 0:09:45] D05: Colle System with ...e6} 11. e4 {[%emt 0:01:06]} dxe4 {[%emt 0:12:01]} 12. Nxe4 {[%emt 0:00:06]} Nxe4 {[%emt 0:00:04]} 13. Bxe4 {[%emt 0:00:05] [#]} Qc7 $146 {[%emt 0:12:40]} ({Predecessor:} 13... Be6 14. a3 Rc8 15. Rc1 b5 16. Re1 Ne7 17. Ng5 Bf5 18. Qd3 {1-0 (39) Ushenina,A (2494)-Hou,Y (2673) Beijing 2014}) 14. Qd3 {[%emt 0:08:44]} h6 {[%emt 0:09:27]} 15. Rad1 {[%emt 0:06:00]} Rd8 {[%emt 0:02:54]} 16. b5 {[%emt 0:12:34]} Na5 {[%emt 0:05:20]} 17. Bd5 {[%emt 0:00:59]} Bg4 {[%emt 0:08:29]} 18. c4 {[%emt 0:05:01]} Rac8 {[%emt 0:04:39]} 19. Rc1 {[%emt 0:03:30]} b6 {[%emt 0:03:59]} 20. Rfe1 {[%emt 0:02:41]} Re8 $16 {[%emt 0:03:48]} 21. Qe4 {[%emt 0:05:19]} Be6 $1 {[%emt 0:03:28]} 22. Nxe5 {[%emt 0:07:55]} Bxe5 {[%emt 0:02:30]} 23. Bxe5 {[%emt 0:00:27]} Bxd5 {[%emt 0:00:12]} 24. Qxd5 {[%emt 0:00:13]} Qc5 {[%emt 0:00:26]} 25. Bf4 {[%emt 0:20:18]} Rxe1+ {[%emt 0:00:52]} 26. Rxe1 {[%emt 0:00:01]} Nxc4 {[%emt 0:00:09]} 27. Qd7 {[%emt 0:02:47]} Na3 {[%emt 0:00:55]} 28. h3 {[%emt 0:03:23]} Nxb5 1-0